000 01193nam a2200241Ia 4500
003 Ost
005 20260507075713.0
008 260507s9999||||xx |||||||||||||| ||und||
020 _a978996167348514
040 _cfsecg
041 _aara
082 _a320.51
100 _aطمار،حميد
_eمؤلف
245 0 _aالليبرالية وأسسها النظرية /
_cحميد طمار
260 _aالجزائر:
_bدار الأمة ,
_c2014
300 _a144 صفحة؛
_bإيضاحات ؛
_c24 سم
504 _aمراجع ص.141
520 _aالاسس النظرية للبرالية، توافق النظريات في نص تفسيري بمرجعية متنوعة، أصل المقاربات اللبرالية المتطرفة، تقديم النظريات ، القالب القاعدي ، النظرية التقليدية الجديدة، الاقتصاديات الكينزية ، المدرسة النقدية، الاقتصاد الكلاسيكي الجديد، النظرية الكينزية الجديدة .
653 _aالاقتصاد
653 _aالليبرالية
700 _aبن البار، امحمد
_eمؤلف ثانوي
942 _cكتاب
999 _c45901
_d45901